Epístolas de San Pablo, las de Jacobo, Pedro, Juan, Judas y la Revelación de San Juan. (Record no. 9631)

MARC details
000 -LEADER
campo de control de longitud fija 00484ntaaa2200157 4500
003 - IDENTIFICADOR DE NÚMERO DE CONTROL
campo de control 01
005 - FECHA Y HORA DE LA ÚLTIMA TRANSACCIÓN
campo de control 20251027201512.0
008 - DATOS DE LONGITUD FIJA--INFORMACIÓN GENERAL
campo de control de longitud fija 0714s1973 ag 01
040 ## - FUENTE DE CATALOGACIÓN
Centro catalogador/agencia de origen AR-BaBN
Lengua de catalogación spa
Centro/agencia transcriptor AR-BaBN
Normas de descripción aacr
Centro/agencia modificador RIC
082 ## - NÚMERO DE LA CLASIFICACIÓN DECIMAL DEWEY
Número de clasificación 227.4000 Ru86
100 ## - ENTRADA PRINCIPAL--NOMBRE DE PERSONA
Nombre de persona Rule, Guillemo Harris
9 (RLIN) 13613
245 ## - MENCIÓN DEL TÍTULO
Título Epístolas de San Pablo, las de Jacobo, Pedro, Juan, Judas y la Revelación de San Juan.
250 ## - MENCION DE EDICION
Mención de edición 1 ed. :
Resto de la mención de edición Imprenta de Guillermo Johnson,
-- c1880
650 ## - PUNTO DE ACCESO ADICIONAL DE MATERIA--TÉRMINO DE MATERIA
Término de materia o nombre geográfico como elemento de entrada Biblia-Nuevo Testamento
942 ## - ELEMENTOS DE ENTRADA SECUNDARIOS (KOHA)
Tipo de ítem Koha Colección General
Holdings
Estatus retirado Estado de pérdida Estado de daño No para préstamo Biblioteca de origen Biblioteca actual Fecha de adquisición Número de inventario Total de préstamos Signatura topográfica completa Código de barras Visto por última vez Precio de reemplazo Tipo de ítem Koha
        Biblioteca Pluis Biblioteca Pluis 27/10/2025 08744   227.4000 Ru86 08744 27/10/2025 27/10/2025 Colección General